<?xml version="1.0" encoding="UTF-8"?>
<record
    xmlns:xsi="http://www.w3.org/2001/XMLSchema-instance"
    xsi:schemaLocation="http://www.loc.gov/MARC21/slim http://www.loc.gov/standards/marcxml/schema/MARC21slim.xsd"
    xmlns="http://www.loc.gov/MARC21/slim">

  <leader>02786nam0a2200421   4500</leader>
  <controlfield tag="001">v19\rc\1414297</controlfield>
  <controlfield tag="005">20260407060625.0</controlfield>
  <datafield tag="035" ind1=" " ind2=" ">
    <subfield code="a">(NLR Aleph) 005223500</subfield>
  </datafield>
  <datafield tag="090" ind1=" " ind2=" ">
    <subfield code="a">5529935</subfield>
    <subfield code="c">5529935</subfield>
  </datafield>
  <datafield tag="100" ind1=" " ind2=" ">
    <subfield code="a">20060512f18801889|||y0rusy50      ca</subfield>
  </datafield>
  <datafield tag="101" ind1="0" ind2=" ">
    <subfield code="a">rus</subfield>
  </datafield>
  <datafield tag="102" ind1=" " ind2=" ">
    <subfield code="a">RU</subfield>
  </datafield>
  <datafield tag="105" ind1=" " ind2=" ">
    <subfield code="a">y   z   |||||</subfield>
  </datafield>
  <datafield tag="200" ind1="1" ind2=" ">
    <subfield code="a">&#x417;&#x430;&#x43F;&#x438;&#x441;&#x43A;&#x430; &#x441;&#x435;&#x43D;&#x430;&#x442;&#x43E;&#x440;&#x430; &#x410;. &#x41F;&#x43E;&#x43B;&#x43E;&#x432;&#x446;&#x43E;&#x432;&#x430; &#x43F;&#x43E; &#x43E;&#x431;&#x43E;&#x437;&#x440;&#x435;&#x43D;&#x438;&#x44E; &#x434;&#x435;&#x43B;&#x43E;&#x43F;&#x440;&#x43E;&#x438;&#x437;&#x432;&#x43E;&#x434;&#x441;&#x442;&#x432;&#x430; &#x41A;&#x438;&#x435;&#x432;&#x441;&#x43A;&#x43E;&#x433;&#x43E; &#x433;&#x443;&#x431;&#x435;&#x440;&#x43D;&#x441;&#x43A;&#x43E;&#x433;&#x43E; &#x43F;&#x440;&#x430;&#x432;&#x43B;&#x435;&#x43D;&#x438;&#x44F;</subfield>
  </datafield>
  <datafield tag="210" ind1=" " ind2=" ">
    <subfield code="a">[&#x421;&#x430;&#x43D;&#x43A;&#x442;-&#x41F;&#x435;&#x442;&#x435;&#x440;&#x431;&#x443;&#x440;&#x433;</subfield>
    <subfield code="c">&#x431;. &#x438;.</subfield>
    <subfield code="d">188-?]</subfield>
  </datafield>
  <datafield tag="215" ind1=" " ind2=" ">
    <subfield code="a">51 &#x441;.</subfield>
    <subfield code="d">34</subfield>
  </datafield>
  <datafield tag="309" ind1=" " ind2=" ">
    <subfield code="a">&#x411;&#x435;&#x437; &#x442;&#x438;&#x442;. &#x43B;. &#x438; &#x43E;&#x431;&#x43B;.</subfield>
  </datafield>
  <datafield tag="309" ind1=" " ind2=" ">
    <subfield code="a">&#x41D;&#x430; 1-&#x439; &#x441;. &#x43F;&#x43E;&#x434; &#x442;&#x435;&#x43A;&#x441;&#x442;&#x43E;&#x43C;: 6-32</subfield>
  </datafield>
  <datafield tag="316" ind1=" " ind2=" ">
    <subfield code="a">&#x42D;&#x43A;&#x437; &#x420;&#x41D;&#x411; &#x43D;&#x430; &#x448;&#x438;&#x444;&#x440;&#x435; 18.63.1.44 &#x432;&#x43F;&#x43B;&#x435;&#x442;&#x435;&#x43D; &#x432; &#x43A;&#x43E;&#x43D;&#x432;&#x43E;&#x43B;&#x44E;&#x442; &#x441; &#x437;&#x430;&#x433;&#x43B;. &#x43A;&#x43E;&#x440;&#x435;&#x448;&#x43A;&#x430;: &#x41C;&#x430;&#x442;&#x435;&#x440;&#x438;&#x430;&#x43B;&#x44B; &#x412;&#x44B;&#x441;&#x43E;&#x447;&#x430;&#x439;&#x448;&#x435; &#x443;&#x447;&#x440;&#x435;&#x436;&#x434;&#x435;&#x43D;&#x43D;&#x43E;&#x439; &#x41E;&#x441;&#x43E;&#x431;&#x43E;&#x439; &#x43A;&#x43E;&#x43C;&#x438;&#x441;&#x441;&#x438;&#x438; &#x434;&#x43B;&#x44F; &#x441;&#x43E;&#x441;&#x442;&#x430;&#x432;&#x43B;&#x435;&#x43D;&#x438;&#x44F; &#x43F;&#x440;&#x43E;&#x435;&#x43A;&#x442;&#x43E;&#x432; &#x43C;&#x435;&#x441;&#x442;&#x43D;&#x43E;&#x433;&#x43E; &#x443;&#x43F;&#x440;&#x430;&#x432;&#x43B;&#x435;&#x43D;&#x438;&#x44F;. 2. &#x41F;&#x43E; &#x441;&#x435;&#x43D;&#x430;&#x442;&#x43E;&#x440;&#x441;&#x43A;&#x43E;&#x439; &#x440;&#x435;&#x432;&#x438;&#x437;&#x438;&#x438;. 3. &#x417;&#x430;&#x43F;&#x438;&#x441;&#x43A;&#x438; &#x441;&#x435;&#x43D;&#x430;&#x442;&#x43E;&#x440;&#x430; &#x41F;&#x43E;&#x43B;&#x43E;&#x432;&#x446;&#x43E;&#x432;&#x430;. &#x427;. 1; &#x44D;&#x43A;&#x437;. &#x43D;&#x430; &#x448;&#x438;&#x444;&#x440;&#x435; 134/1240(2) (6) &#x432;&#x43F;&#x43B;&#x435;&#x442;&#x435;&#x43D; &#x432; &#x43A;&#x43E;&#x43D;&#x432;&#x43E;&#x43B;&#x44E;&#x442; &#x441; &#x437;&#x430;&#x433;&#x43B;. &#x43A;&#x43E;&#x440;&#x435;&#x448;&#x43A;&#x430;: &#x422;&#x440;&#x443;&#x434;&#x44B; &#x43A;&#x43E;&#x43C;&#x438;&#x441;&#x441;&#x438;&#x438; &#x41A;&#x430;&#x445;&#x430;&#x43D;&#x43E;&#x432;&#x430;. 2</subfield>
    <subfield code="5">NLR</subfield>
  </datafield>
  <datafield tag="516" ind1="1" ind2=" ">
    <subfield code="a">&#x41C;&#x430;&#x442;&#x435;&#x440;&#x438;&#x430;&#x43B;&#x44B; &#x412;&#x44B;&#x441;&#x43E;&#x447;&#x430;&#x439;&#x448;&#x435; &#x443;&#x447;&#x440;&#x435;&#x436;&#x434;&#x435;&#x43D;&#x43D;&#x43E;&#x439; &#x41E;&#x441;&#x43E;&#x431;&#x43E;&#x439; &#x43A;&#x43E;&#x43C;&#x438;&#x441;&#x441;&#x438;&#x438; &#x434;&#x43B;&#x44F; &#x441;&#x43E;&#x441;&#x442;&#x430;&#x432;&#x43B;&#x435;&#x43D;&#x438;&#x44F; &#x43F;&#x440;&#x43E;&#x435;&#x43A;&#x442;&#x43E;&#x432; &#x43C;&#x435;&#x441;&#x442;&#x43D;&#x43E;&#x433;&#x43E; &#x443;&#x43F;&#x440;&#x430;&#x432;&#x43B;&#x435;&#x43D;&#x438;&#x44F;. II. &#x41F;&#x43E; &#x441;&#x435;&#x43D;&#x430;&#x442;&#x43E;&#x440;&#x441;&#x43A;&#x43E;&#x439; &#x440;&#x435;&#x432;&#x438;&#x437;&#x438;&#x438;. 3. &#x417;&#x430;&#x43F;&#x438;&#x441;&#x43A;&#x438; &#x441;&#x435;&#x43D;&#x430;&#x442;&#x43E;&#x440;&#x430; &#x41F;&#x43E;&#x43B;&#x43E;&#x432;&#x446;&#x43E;&#x432;&#x430;. &#x427;. 1</subfield>
  </datafield>
  <datafield tag="516" ind1="1" ind2=" ">
    <subfield code="a">&#x422;&#x440;&#x443;&#x434;&#x44B; &#x43A;&#x43E;&#x43C;&#x438;&#x441;&#x441;&#x438;&#x438; &#x41A;&#x430;&#x445;&#x430;&#x43D;&#x43E;&#x432;&#x430;. 2</subfield>
  </datafield>
  <datafield tag="600" ind1=" " ind2="1">
    <subfield code="a">&#x41F;&#x43E;&#x43B;&#x43E;&#x432;&#x446;&#x43E;&#x432;</subfield>
    <subfield code="b">&#x410;. &#x410;.</subfield>
    <subfield code="f">1832 - 1909</subfield>
    <subfield code="g">&#x410;&#x43B;&#x435;&#x43A;&#x441;&#x430;&#x43D;&#x434;&#x440; &#x410;&#x43B;&#x435;&#x43A;&#x441;&#x430;&#x43D;&#x434;&#x440;&#x43E;&#x432;&#x438;&#x447;</subfield>
    <subfield code="j">&#x414;&#x43E;&#x43A;&#x443;&#x43C;&#x435;&#x43D;&#x442;&#x44B; &#x438; &#x43C;&#x430;&#x442;&#x435;&#x440;&#x438;&#x430;&#x43B;&#x44B;</subfield>
    <subfield code="9">2193856</subfield>
    <subfield code="3">RU\NLR\AUTH\6601554166</subfield>
  </datafield>
  <datafield tag="606" ind1="1" ind2=" ">
    <subfield code="a">&#x414;&#x435;&#x43B;&#x43E;&#x43F;&#x440;&#x43E;&#x438;&#x437;&#x432;&#x43E;&#x434;&#x441;&#x442;&#x432;&#x43E;</subfield>
    <subfield code="j">&#x414;&#x43E;&#x43A;&#x443;&#x43C;&#x435;&#x43D;&#x442;&#x44B; &#x438; &#x43C;&#x430;&#x442;&#x435;&#x440;&#x438;&#x430;&#x43B;&#x44B;</subfield>
    <subfield code="x">&#x418;&#x441;&#x442;&#x43E;&#x440;&#x438;&#x44F;</subfield>
    <subfield code="y">&#x420;&#x43E;&#x441;&#x441;&#x438;&#x44F;</subfield>
    <subfield code="9">2313049</subfield>
    <subfield code="3">RU\NLR\AUTH\661384231</subfield>
  </datafield>
  <datafield tag="606" ind1="1" ind2=" ">
    <subfield code="a">&#x413;&#x443;&#x431;&#x435;&#x440;&#x43D;&#x441;&#x43A;&#x43E;&#x435; &#x443;&#x43F;&#x440;&#x430;&#x432;&#x43B;&#x435;&#x43D;&#x438;&#x435;</subfield>
    <subfield code="j">&#x414;&#x43E;&#x43A;&#x443;&#x43C;&#x435;&#x43D;&#x442;&#x44B; &#x438; &#x43C;&#x430;&#x442;&#x435;&#x440;&#x438;&#x430;&#x43B;&#x44B;</subfield>
    <subfield code="x">&#x414;&#x435;&#x43B;&#x43E;&#x43F;&#x440;&#x43E;&#x438;&#x437;&#x432;&#x43E;&#x434;&#x441;&#x442;&#x432;&#x43E;</subfield>
    <subfield code="y">&#x420;&#x43E;&#x441;&#x441;&#x438;&#x44F;</subfield>
    <subfield code="9">2467732</subfield>
    <subfield code="3">RU\NLR\AUTH\6601683020</subfield>
  </datafield>
  <datafield tag="686" ind1="3" ind2=" ">
    <subfield code="a">&#x423;21(28)286,011</subfield>
  </datafield>
  <datafield tag="686" ind1="3" ind2=" ">
    <subfield code="a">&#x425;819(2)011.21-8,011</subfield>
  </datafield>
  <datafield tag="686" ind1="3" ind2=" ">
    <subfield code="a">&#x425;891.9(2)111.6,011</subfield>
  </datafield>
  <datafield tag="700" ind1=" " ind2="1">
    <subfield code="8">rus</subfield>
    <subfield code="7">ca</subfield>
    <subfield code="a">&#x41F;&#x43E;&#x43B;&#x43E;&#x432;&#x446;&#x43E;&#x432;</subfield>
    <subfield code="b">&#x410;. &#x410;.</subfield>
    <subfield code="f">1832-1909</subfield>
    <subfield code="g">&#x410;&#x43B;&#x435;&#x43A;&#x441;&#x430;&#x43D;&#x434;&#x440; &#x410;&#x43B;&#x435;&#x43A;&#x441;&#x430;&#x43D;&#x434;&#x440;&#x43E;&#x432;&#x438;&#x447;</subfield>
    <subfield code="3">RU\NLR\AUTH\771365</subfield>
    <subfield code="9">111391</subfield>
  </datafield>
  <datafield tag="712" ind1="0" ind2="2">
    <subfield code="a">&#x41A;&#x438;&#x435;&#x432;&#x441;&#x43A;&#x43E;&#x435; &#x433;&#x443;&#x431;. &#x43F;&#x440;&#x430;&#x432;&#x43B;&#x435;&#x43D;&#x438;&#x435;</subfield>
    <subfield code="3">RU\NLR\AUTH\8810027487</subfield>
    <subfield code="9">553424</subfield>
  </datafield>
  <datafield tag="801" ind1=" " ind2="0">
    <subfield code="a">RU</subfield>
    <subfield code="b">NLR</subfield>
    <subfield code="c">20060512</subfield>
    <subfield code="g">psbo</subfield>
  </datafield>
  <datafield tag="801" ind1=" " ind2="0">
    <subfield code="a">RU</subfield>
    <subfield code="b">RuMoRGB</subfield>
    <subfield code="c">20060512</subfield>
    <subfield code="2">psbo</subfield>
  </datafield>
  <datafield tag="801" ind1=" " ind2="1">
    <subfield code="a">RU</subfield>
    <subfield code="b">ProSoft-M</subfield>
    <subfield code="c">20060512</subfield>
    <subfield code="2">rusmarc</subfield>
  </datafield>
  <datafield tag="801" ind1=" " ind2="2">
    <subfield code="a">RU</subfield>
    <subfield code="b">NLR</subfield>
    <subfield code="c">20071227</subfield>
    <subfield code="2">rusmarc</subfield>
  </datafield>
  <datafield tag="852" ind1=" " ind2=" ">
    <subfield code="a">NLR</subfield>
    <subfield code="j">134/1240(2) (6)</subfield>
  </datafield>
  <datafield tag="852" ind1=" " ind2=" ">
    <subfield code="a">NLR</subfield>
    <subfield code="j">18.63.1.44</subfield>
  </datafield>
  <datafield tag="942" ind1=" " ind2=" ">
    <subfield code="c">BOOK</subfield>
  </datafield>
  <datafield tag="980" ind1=" " ind2=" ">
    <subfield code="a">NB</subfield>
  </datafield>
  <datafield tag="995" ind1=" " ind2=" ">
    <subfield code="5">2013-10-26</subfield>
    <subfield code="b">NLR02</subfield>
    <subfield code="c">NLR02</subfield>
    <subfield code="e">RFS</subfield>
    <subfield code="f">5223500-10</subfield>
    <subfield code="k">18.63.1.44</subfield>
    <subfield code="o">0</subfield>
    <subfield code="r">BOOK</subfield>
    <subfield code="s">1863144_</subfield>
  </datafield>
</record>
